Exploración del lenguaje comprensivo y expresivo (ELCE) : (Record no. 88007)

MARC details
000 -CABECERA
campo de control de longitud fija 00876nam a2200217 a 4500
005 - FECHA Y HORA DE LA ÚLTIMA TRANSACCIÓN
campo de control 20230624063630.0
008 - ELEMENTOS DE LONGITUD FIJA--INFORMACIÓN GENERAL
campo de control de longitud fija 011126s1998 mx r 000 0 spa d
020 ## - NÚMERO INTERNACIONAL NORMALIZADO PARA LIBROS
Número Internacional Estándar del Libro 8478692312
035 ## - NÚMERO DE CONTROL DEL SISTEMA
Número de control de sistema UPN01000114099
049 ## - COLECCIÓN
Colección CE
050 #4 - SIGNATURA TOPOGRÁFICA DE LA BIBLIOTECA DEL CONGRESO
Número de clasificación LB1572
Número de documento/Ítem E9.6 1998
245 00 - MENCIÓN DE TÍTULO
Título Exploración del lenguaje comprensivo y expresivo (ELCE) :
Resto del título manual teórico /
Mención de responsabilidad, etc. Ma. José López Giñés...[et al.].
250 ## - MENCIÓN DE EDICIÓN
Mención de edición 2a ed.
260 ## - PUBLICACIÓN, DISTRIBUCIÓN, ETC.
Lugar de publicación, distribución, etc. Madrid :
Nombre del editor, distribuidor, etc. CEPE,
Fecha de publicación, distribución, etc. 1998.
300 ## - DESCRIPCIÓN FÍSICA
Extensión 69 p. +
Material acompañante/anejo cuaderno de dibujos para la evaluación de la comprensión, 1 cuaderno de dibujos para la evaluación de la elocución, 1 cuadernillo de tarjetas complementarios y 3 cuadernillos de respuestas
650 #7 - ASIENTO SECUNDARIO DE MATERIA - TERMINO TEMATICO
Término de materia o nombre geográfico como elemento de entrada Comunicación oral
Subdivisión general Estudio y enseñanza (Elemental)
Fuente del encabezamiento o término
9 (RLIN) 6703
650 #4 - ASIENTO SECUNDARIO DE MATERIA - TERMINO TEMATICO
Término de materia o nombre geográfico como elemento de entrada Expresión oral
9 (RLIN) 1525
650 #4 - ASIENTO SECUNDARIO DE MATERIA - TERMINO TEMATICO
Término de materia o nombre geográfico como elemento de entrada EXPRESION
700 1# - ASIENTO SECUNDARIO--NOMBRE DE PERSONAL
Nombre de persona López Ginés, María José,
Término indicativo de función/relación coaut.
905 ## - TIPO DE MATERIAL
Tipo de material Libro
Holdings
Estado de retiro Estado de pérdida Fuente del sistema de clasificación o colocación Estado dañado Restricciones de uso No para préstamo Código de colección Localización permanente Ubicación/localización actual Ubicación en estantería Fecha de adquisición Clasificación Código de barras Fecha visto por última vez Número de copia Tipo de ítem Koha
    Library of Congress Classification   Préstamo por horas   Test y pruebas Bib. Gregorio Torres Quintero Bib. Gregorio Torres Quintero Colecciones especiales Planta alta 13/09/2022 LB1572 E9.6 1998 198131 31/12/2020 1 Conjunto (Kit)
    Library of Congress Classification   Préstamo por horas   Test y pruebas Bib. Gregorio Torres Quintero Bib. Gregorio Torres Quintero Colecciones especiales Planta alta 13/09/2022 LB1572 E9.6 1998 177228 31/12/2020 1 Conjunto (Kit)
    Library of Congress Classification   Préstamo por horas   Test y pruebas Bib. Gregorio Torres Quintero Bib. Gregorio Torres Quintero Colecciones especiales Planta alta 13/09/2022 LB1572 E9.6 1998 198132 31/12/2020 1 Conjunto (Kit)